Pueblos celtas / Juan Maluquer de Motes
Descripción Física:
194 p. : il. map. ; 29 cm
MARC
| LEADER | 00000nam a2200000Ia 4500 | ||
|---|---|---|---|
| 001 | 17348 | ||
| 008 | 160829s1954 xx 000 0 cat d | ||
| 080 | |a H-2-325 | ||
| 100 | 1 | |a Maluquer de Motes, Joan, |d 1915-1988 |9 30020 | |
| 245 | |a Pueblos celtas / Juan Maluquer de Motes | ||
| 260 | |a Madrid : |b Espasa - Calpe, |c 1954 | ||
| 300 | |a 194 p. : |b il. map. ; |c 29 cm | ||
| 590 | |a Separata de: Historia de España. Madrid: Espasa-Calpe, 1947 vol. 1. | ||
| 590 | |a Prové de R-168 | ||
| 650 | |a Celtes |9 46709 | ||
| 650 | |a Celtibers |9 46710 | ||
| 650 | |a Península Ibèrica |x Història |9 46711 | ||
| 901 | |a Arxiu | ||
| 942 | |n 1 | ||
| 952 | |0 0 |1 0 |4 0 |6 H2325 |7 1 |9 53404 |a Arxiu |b Arxiu |d 2016-12-01 |l 0 |o H-2-325 |p 17348 |r 2016-12-01 00:00:00 |w 2016-12-01 |y ARXIU | ||
| 999 | |c 57269 |d 57269 | ||